Normal view MARC view
  • Thorne, Anthony

Entry Personal Name

Number of records used in: 1

001 - CONTROL NUMBER

  • control field: 107666

003 - CONTROL NUMBER IDENTIFIER

  • control field: NUST

005 - DATE AND TIME OF LATEST TRANSACTION

  • control field: 20230125153724.0

008 - FIXED-LENGTH DATA ELEMENTS

  • fixed length control field: 230125|| aca||aabn | a|a d

040 ## - CATALOGING SOURCE

  • Original cataloging agency: NUST
  • Transcribing agency: NUST

100 ## - HEADING--PERSONAL NAME

  • Personal name: Thorne, Anthony

670 ## - SOURCE DATA FOUND

  • Source citation: Work cat.: (NUST)185951: Thorne, Anthony., Delay in the sun /, c1934
© 2023 Central Library, National University of Sciences and Technology. All Rights Reserved.